[Event "Champigny sur Marne op"]
[Site "Champigny sur Marne"]
[Date "2005.03.??"]
[Round "1"]
[White "Vieira, Oscar"]
[Black "Basilevitch, Pierre"]
[Result "1/2-1/2"]
[WhiteElo "1700"]
[BlackElo "1570"]
[PlyCount "78"]
[EventDate "2005.03.??"]
[EventType "swiss"]
[EventRounds "7"]
[EventCountry "FRA"]
[SourceTitle "EXT 2007"]
[Source "ChessBase"]
[SourceDate "2006.11.23"]
[SourceVersion "1"]
[SourceVersionDate "2006.11.23"]
[SourceQuality "1"]

1. e4 d6 2. d4 Nf6 3. Nc3 g6 4. f4 c6 5. Nf3 Bg7 6. Bd3 Nbd7 7. 0-0 Nb6 8. h3 0-0 9. Be3 Bd7 10. e5 dxe5 11. fxe5 Nfd5 12. Nxd5 Nxd5 13. Bg5 f6 14. exf6 exf6 15. Bd2 Kh8 16. c4 Ne7 17. Qc1 Bf5 18. Be2 Be4 19. Bc3 Nf5 20. Qf4 Bxf3 21. Rxf3 Qe7 22. Bd3 Bh6 23. Qe4 Qxe4 24. Bxe4 Be3+ 25. Kf1 Bxd4 26. Bxf5 Bxc3 27. Rxc3 gxf5 28. Rf3 Rad8 29. Rxf5 Rd2 30. b3 Kg7 31. Rf2 Rxf2+ 32. Kxf2 Rd8 33. Re1 Kf7 34. Kf3 Rd7 35. g4 b6 36. h4 Rd2 37. Re2 Rxe2 38. Kxe2 Ke6 39. Kf3 Ke5 1/2-1/2